000 00743cam a2200145 4500500
005 20251228093424.0
041 _afre
042 _adc
100 1 0 _aGuichard, Benjamin
_eauthor
245 0 0 _aSergej V. KULIKOV Bjurokrati?eskaja elita Rossijskoj imperii nakanune padenija starogo porjadka (1914-1917). [L’élite bureaucratique de l’empire russe à la veille de la chute de l’Ancien Régime (1914-1917)] Riazan, 2004, 472p. (NovejÒaja rossijskaja istorija : issledovanija i dokumenty, 4)
260 _c2005.
500 _a16
786 0 _nCahiers du monde russe | Vol 46 | 4 | 2005-11-01 | p. 859e-990e | 1252-6576
856 4 1 _uhttps://shs.cairn.info/revue-cahiers-du-monde-russe-2005-4-page-859e?lang=fr&redirect-ssocas=7080
999 _c1604332
_d1604332